Statistics for Jeopardy! #8348

Click here to take the quiz!

General Stats

  • This quiz has been taken 43 times
  • The average score is 20 of 61

Answer Stats

CategoryPriceClueResponse% Correct
GEOGRAPHY200Of the 14 countries that border Russia this "stan" country shares the longest border with it 4 750 milesKazakhstan
78%
STARTS WITH AN ANIMAL200It's a beard trimmed to a point on the china goatee
74%
SCIENCE400His first law of motion is the law of inertiaIsaac Newton
74%
WHATCHA WATCHING?400Drag queens lip-sync for their legacy on this host's "Drag Race All Stars"RuPaul
74%
STARTS WITH AN ANIMAL400To bind all 4 of an animal's legs togetherhogtie
70%
GEOGRAPHY400This capital of Puerto Rico is the oldest city founded by Europeans that is now under U.S. jurisdictionSan Juan
63%
HOW NOW DOW JONES COMPANY?200After raising $17.9 billion in a 2008 IPO this credit card company was truly everywhere it wanted to beVisa
59%
LANGUAGES400Serbian & Ukrainian are written in versions of this alphabetCyrillic
56%
SCIENCE800The human this is all of the 3 billion base pairs of DNA that make up the entire set of a person's chromosomesgenome
56%
GEOGRAPHY600Basra is an oil-refining center & this country's main portIraq
56%
B.C.-ING YOU400Among the treasures he was buried with around 1325 B.C. was the gold mask seen hereKing Tut
56%
SCIENCE1200Hg is the symbol for this elementmercury
56%
HOW NOW DOW JONES COMPANY?600In 1978 its eventual co-founders saw red--make that orange--after getting fired by Handy Dan Home Improvement CentersThe Home Depot
56%
B.C.-ING YOU600Shortly after he attained enlightenment he gave a sermon in which he presented the 4 noble truthsBuddha
52%
ILLUSTRATORS1200The modern image of Santa Claus owes a lot to the illustrations Haddon Sundblom created for this beverage's adsCoca-Cola
52%
HOW NOW DOW JONES COMPANY?800There's no business like this shoe business that joined the Dow in 2013Nike
52%
B.C.-ING YOU1000X marks the spot for this king who succeeded his father Darius I as ruler of the Persian EmpireXerxes
52%
LANGUAGES2000Official in the kingdom of Cambodia this language has 74 letters in its alphabetKhmer
48%
LANGUAGES1600This language is known as hanguk-mal in the south & choson-mal in the northKorean
48%
HOW NOW DOW JONES COMPANY?400This company makes Scotch Wall-Safe tape3M
44%
B.C.-ING YOU200The city of Larsa wasn't up to this Babylonian's code so he conquered it in the 1760s B.C.Hammurabi
44%
GEOGRAPHY800Aka Tahoma this 14 400-foot active volcano is about 60 miles southeast of SeattleMount Rainier
44%
ILLUSTRATORS800Peggy Fortnum sketched in the London Zoo to perfect this traveling bear created by Michael BondPaddington
44%
B.C.-ING YOU800The Peace of Nicias in 421 B.C. brought a temporary end to the fighting in this Greek warPeloponnesian
44%
MEGALITHS800Many of the giant stone figures on this island were quarried from the crater walls of the Rano Raraku volcanoEaster Island
37%
LANGUAGES1200In addition to the language of the host country these 2 are the official languages of the OlympicsEnglish & French
33%
GEOGRAPHY1000In 1871 Henry Stanley finally tracked down Dr. David Livingstone along the shores of this 2nd-largest lake in AfricaTanganyika
33%
WHATCHA WATCHING?600This 2008 film about bomb defusers which won 6 OscarsThe Hurt Locker
33%
ILLUSTRATORS400In the early 1900s Rose O'Neill's popular drawings of this winged god evolved into wildly popular Kewpie dollsCupid
30%
TITLES & HONORIFICS1000In German forms of address traditionally this word goes before "doktor" if the doktor is a dudeherr
30%
MEGALITHS400One legend says that the tall stones in Carnac France were Roman legions petrified by this Arthurian wizardMerlin
30%
TITLES & HONORIFICS200A Massachusetts paper discussed using this honorific for women in 1901; the New York Times would embrace it in 1986Ms.
30%
WEE FOLK400Paul Reubens named this childlike alter ego after a harmonicaPee-wee Herman
30%
STARTS WITH AN ANIMAL600To crouch in fearto cower
30%
TITLES & HONORIFICS400The wife of a lord ain't just a lady (though that is a title equivalent) she's a thisa dame
26%
LANGUAGES800In 2013 he added Latin to the 8 still-living languages of his Twitter accountPope Francis
26%
WHATCHA WATCHING?800Truth Seekers which reunited Nick Frost & this guy who was "Shaun of the Dead"Simon Pegg
26%
WEE FOLK800Billie Jean is on the 2019 album of cover songs by this Rivers Cuomo bandWeezer
22%
WHATCHA WATCHING?1000Drake's "Nice For What" video featuring Olivia Wilde & this ballerinaMisty Copeland
19%
SCIENCE2000A mother's levels of this "hormone of love" may influence the intensity of the bond between her & her childoxytocin
19%
MEGALITHS2000These avian-named people of Montana have origin myths for large sacred medicine wheels like the one in the Bighorn Mountainsthe Crow
19%
MEGALITHS1600The roof box in the 5 000-year-old Newgrange tomb in Ireland allows light to enter during this annual winter eventthe solstice
19%
TOUGH TALK1200This last name of English novelist Thomas means sturdy & toughHardy
15%
MEGALITHS1200This 5-letter word for a circle of stones is a back-formation from the name of a famous one on Salisbury Plainhenge
15%
TITLES & HONORIFICS800An abbot is referred to as right this; a Roman Catholic bishop most thisreverend
15%
TOUGH TALK2000A tough guy from ancient Greece or a synonym for spare or frugalSpartan
15%
HOW NOW DOW JONES COMPANY?1000When it comes to personal insurance boat & yacht & even umbrella insurance are all under its symbolic umbrellaTravelers
15%
TOUGH TALK400This hyphenated numerical adjective can mean tough or holding booze in both handstwo-fisted
15%
TITLES & HONORIFICS600American legal eagles are commonly called this but it also can refer to the eldest son of a baronetesquire
11%
WHATCHA WATCHING?200Space Force with this actor seen here portrays science advisor Dr. Adrian MalloryJohn Malkovich
11%
SCIENCE1600Working according to the same principles as a laser a maser gets the "M" in its name from this wordmicrowave
11%
ILLUSTRATORS1600Daniel Beard provided dashing but comical illustrations for this novel by Mark TwainA Connecticut Yankee in King Arthur's Court
7%
TOUGH TALK1600Meaning able to recover quickly from a setback it's from Latin for "to bounce back"resilient
7%
EUROPEAN LANDMARKSFINALOf the principal architects working on it from the mid-1500s to the 1980s like Pierre Lescot & Hector Lefuel none were foreignersthe Louvre
7%
STARTS WITH AN ANIMAL1000It's the proud & historic region seen hereCatalonia
4%
WEE FOLK2000He was Shoeless Joe Jackson in "Eight Men Out" & Doug Dorsey in "The Cutting Edge"D.B. Sweeney
4%
TOUGH TALK800There's a sensory organ in this hyphenated adjective meaning tough-mindedhard-nosed
4%
WEE FOLK1600This singer-songwriter founded the band WilcoJeff Tweedy
4%
STARTS WITH AN ANIMAL800Bilirubin & carotene are these coloring agentspigments
4%
WEE FOLK1200This model is married to Gene SimmonsShannon Tweed
4%
ILLUSTRATORS2000Around 1890 Kate Greenaway illustrated the pages of a children's story by this British poetRobert Browning
0%

Score Distribution

Percentile by Number Answered

Percent of People with Each Score

Your Score History

You have not taken this quiz